000 00868nam a22001337a 4500
999 _c528791
_d528791
008 250120b ||||| |||| 00| 0 eng d
100 _aPandey, Vijan Kumar
_950140
245 _aThe art of weaving: A signature of India that we need to preserve
260 _aYojana
300 _a69(1), Jan, 2025: p.50-55
520 _aThe textile industry in India has a rich history dating back centuries and is the second largest employment generating sector in the country after agriculture. Weaving is a time honored craft that has been practiced by different cultures around the world for centuries. The PM Mitra Mega textile park scheme 2023, with an allocation of Rs. 4,446 crore for seven states, aims to provide an integrated textile value chain and generate about twenty-one Lakh new employment opportunities. – Reproduced
773 _aYojana
942 _cAR